Latvija Eiropas Padomē - 10 gadi (Запись № 3068184)

Подробности
000 -МАРКЕР
контрольное поле 01598nam0a2200361 4500
001 - ИДЕНТИФИКАТОР ЗАПИСИ
контрольное поле RU\NLR\b_ik\129798
005 - ИДЕНТИФИКАТОР ВЕРСИИ
контрольное поле 20260407114004.0
010 ## - МЕЖДУНАРОДНЫЙ СТАНДАРТНЫЙ НОМЕР КНИГИ (ISBN)
Номер (ISBN) 9984-9333-3-4
035 ## - ДРУГИЕ СИСТЕМНЫЕ НОМЕРА
Идентификатор записи (NLR Aleph) 002203175
100 ## - ДАННЫЕ ОБЩЕЙ ОБРАБОТКИ
Данные общей обработки 20050607d2005 |||y0rusy50 ca
101 0# - ЯЗЫК РЕСУРСА
Язык текста, звукозаписи и т.д. латышский
-- английский
102 ## - СТРАНА ПУБЛИКАЦИИ ИЛИ ПРОИЗВОДСТВА
Страна публикации российская федерация
105 ## - ПОЛЕ КОДИРОВАННЫХ ДАННЫХ: ТЕКСТОВЫЕ МАТЕРИАЛЫ, МОНОГРАФИЧЕСКИЕ
Кодированные данные о монографическом текстовом документе ach |||||||||
200 1# - ЗАГЛАВИЕ И СВЕДЕНИЯ ОБ ОТВЕТСТВЕННОСТИ
Основное заглавие Latvija Eiropas Padomē - 10 gadi
Параллельное заглавие Latvia in the Council of Europe - 10 years
Первые сведения об ответственности [sast. Uldis Krastin'š
Последующие сведения об ответственности red. Laura Riekstin'a]
Язык параллельного заглавия английский
210 ## - ПУБЛИКАЦИЯ, РАСПРОСТРАНЕНИЕ И ДР.
Место издания, распространения и т.д. Rīga
Имя издателя, распространителя и т. д. Eiropas Padomes informācijas birojs
Дата издания, распространения и т.д. cop. 2005
215 ## - ФИЗИЧЕСКАЯ ХАРАКТЕРИСТИКА
Специфическое обозначение материала и объем 93 с.
Другие сведения о физической характеристике цв. ил., факс., портр.
Размеры 28
300 ## - ОБЩИЕ ПРИМЕЧАНИЯ
Текст примечания Текст парал. на латыш. и англ. яз.
510 1# - ПАРАЛЛЕЛЬНОЕ ЗАГЛАВИЕ
Параллельное заглавие Latvia in the Council of Europe - 10 years
Язык заглавия английский
541 0# - ПЕРЕВОД ЗАГЛАВИЯ, СДЕЛАННЫЙ КАТАЛОГИЗАТОРОМ
Заглавие Латвия в Совете Европы - 10лет
Язык заглавия русский
601 02 - НАИМЕНОВАНИЕ ОРГАНИЗАЦИИ КАК ПРЕДМЕТ
Начальный элемент ввода Совет Европы
Тематический подзаголовок Взаимоотношения
Географический подзаголовок Латвийская Республика
Системный номер авторитетной/нормативной записи 2401737
Идентификатор авторитетной/нормативной записи RU\NLR\AUTH\661431598
607 ## - ГЕОГРАФИЧЕСКОЕ НАИМЕНОВАНИЕ КАК ПРЕДМЕТ
Географическое наименование Латвийская Республика
Тематический подзаголовок Взаимоотношения
-- Совет Европы
Системный номер авторитетной/нормативной записи 2401740
Идентификатор авторитетной/нормативной записи RU\NLR\AUTH\661431599
686 4# - ИНДЕКСЫ ДРУГИХ КЛАССИФИКАЦИЙ
Индекс Т3(4Лат)74-6
686 4# - ИНДЕКСЫ ДРУГИХ КЛАССИФИКАЦИЙ
Индекс Т3(0)63-612.39
702 #1 - ИМЯ ЛИЦА - ВТОРИЧНАЯ ОТВЕТСТВЕННОСТЬ
Начальный элемент ввода Krastin'š
Часть имени, кроме начального элемента ввода U.
Даты 1933-
Расширение инициалов личного имени Uldis
Код отношения Составитель
702 #1 - ИМЯ ЛИЦА - ВТОРИЧНАЯ ОТВЕТСТВЕННОСТЬ
Начальный элемент ввода Riekstin'a
Часть имени, кроме начального элемента ввода L.
Расширение инициалов личного имени Laura
Код отношения Редактор
712 02 - НАИМЕНОВАНИЕ ОРГАНИЗАЦИИ - ВТОРИЧНАЯ ОТВЕТСТВЕННОСТЬ
Код отношения Прочие
Материалы, к которым относится поле lav
Начальный элемент ввода Eiropas Padomē
Графика поля Латинская
Идентификатор авторитетной/нормативной записи RU\NLR\AUTH\8810066027
Системный номер авторитетной/нормативной записи 633676
801 #0 - ИСТОЧНИК ЗАПИСИ
Страна российская федерация
Организация NLR
Дата составления 20050607
Правила каталогизации PSBO
852 ## - МЕСТОНАХОЖДЕНИЕ И ШИФР ХРАНЕНИЯ
Идентификатор организации NLR
Наименование фонда или коллекции (Sub-Location Identifier) ОНЛ
Шифр хранения (Call Number) Латыш./4-1238
942 ## - ДОПОЛНИТЕЛЬНЫЕ ЭЛЕМЕНТЫ ЗАПИСИ (АБИС)
Тип экземпляра АБИС Книга
980 ## - КОЛЛЕКЦИЯ
Название коллекции Национальная библиография
Экземпляры
Тип экземпляра Дата поступления Источник поступления Стоимость Библиотека постоянного хранения Библиотека текущего хранения Место хранения Шифр хранения Штрих-код Статус не для выдачи Публичное примечание
Книга 07.06.2005 Международный обмен 150.00 РНБ (Московский) РНБ (Московский) Фонд национальных литератур, ин. ОНЛ Латыш./4-1238 1039552   ;